Представление документа в формате RUSMARC

ПолеНазваниеЗначение
  Тип записи a
  Библиографический уровень m
001 Контрольный номер RU/IS/BASE/338988368
005 Дата корректировки 20260520142411.1
010 Индекс ISBN __
a ISBN 978-5-98759-046-1
d Цена 30-00
100 Данные общей обработки __
a Данные общей обработки 19081009d2008 |||y0rusy0189 ca
101 Язык документа 0_
a Язык текста rus
102 Страна публикации __
a Страна публикации RU
105 Кодированные данные (монография) __
a Кодированные данные (монография) a |||||||zy
200 Заглавие и сведения об ответственности 1_
a Заглавие Генерал Ермолов - проконсул Кавказа
e Сведения, относящиеся к заглавию [для сред. шк. возраста]
f Первые сведения об ответственности [текст В. В. Петрова, В. В. Федорова ; худож. Е. Г. Горбачев]
b Общее обозначение материала Текст
210 Выходные данные 1_
a Место издания М.
c Издательство Граница
d Дата издания 2008
215 Физическое описание __
a Объем 15 с.
c Иллюстрации/тип воспроизводства цв. ил.
225 Серия 2_
a Серия Защитники Земли Русской
300 Общие примечания __
a Общие примечания Свед. об отв. указ. вып. дан.
600 Персоналии _1
a Персоналии (Фамилия) Ермолов, А. П.
f Даты 1777-1861
606 Тематические рубрики __
a Основная рубрика История
606 Тематические рубрики __
a Основная рубрика Россия в XVIII в. - 1917 г.
y Географическая подрубрика Россия; Кавказ
610 Ключевые слова 0_
a Ключевые слова детская литература; персоналии; познавательная литература; историческая литература; военачальники; биографии; биографические материалы; проконсулы; войны; кавказские войны
686 Индексы других классификаций __
a Классификационный индекс ст63.3(2)52-8
702 Вторичная интеллектуальная ответственность _1
a Фамилия Федоров
b Имя В. В.
4 Код отношения Текст
702 Вторичная интеллектуальная ответственность _1
a Фамилия Петров
b Имя В. В.
4 Код отношения Текст
c Титул (звания) литератор
702 Вторичная интеллектуальная ответственность _1
a Фамилия Горбачев
b Имя Е. Г.
4 Код отношения Художник
801 Источник записи _0
a Страна RU
b Организация Муниципальное бюджетное учреждение культуры "Централизованная библиотечная система" г. Сургут (Центральная городская библиотека им. А. С. Пушкина)
c Дата составления 20081009
g Правила каталогизации КиК/Поспелова
801 Источник записи _1
a Страна RU
b Организация Муниципальное бюджетное учреждение культуры "Централизованная библиотечная система" г. Сургут (Центральная городская библиотека им. А. С. Пушкина)
c Дата составления 20081009
g Правила каталогизации КиК/Поспелова
852 Данные о местонахождении __
j Шифр хранения ст63.3(2)52-8
c Каталожный индекс ст63.3(2)52-8
i Авторский знак Г 34
901 Тип документа __
t Тип документа m
903 Характеристики (МАРС) __
a Дата передачи 20100928
990 Данные о заказе (DOS) __
j Количество экземпляров (DOS) 11
h N записи в КСУ для Б/У (DOS) 201010